Legal issues in project management (Record no. 104036)
[ view plain ]
| 000 -LEADER | |
|---|---|
| fixed length control field | 01463cam a2200205 4500 |
| 001 - CONTROL NUMBER | |
| control field | L128916 |
| 008 - FIXED-LENGTH DATA ELEMENTS--GENERAL INFORMATION | |
| fixed length control field | 050301n2003 000 0 eng u |
| 035 ## - SYSTEM CONTROL NUMBER | |
| System control number | (Sirsi) u128916 |
| 041 ## - LANGUAGE CODE | |
| Language code of text/sound track or separate title | eng |
| 050 ## - LIBRARY OF CONGRESS CALL NUMBER | |
| Classification number | 658.404 |
| -- | 18 |
| 110 ## - MAIN ENTRY--CORPORATE NAME | |
| Corporate name or jurisdiction name as entry element | Royal Institution of Chartered Surveyors |
| Subordinate unit | Project Management Faculty |
| 9 (RLIN) | 4639 |
| 245 ## - TITLE STATEMENT | |
| Title | Legal issues in project management |
| 260 ## - PUBLICATION, DISTRIBUTION, ETC. | |
| Place of publication, distribution, etc. | London |
| Name of publisher, distributor, etc. | RICS |
| Date of publication, distribution, etc. | 2003 |
| 520 ## - SUMMARY, ETC. | |
| Summary, etc. | RICS Project Management Faculty commissioned the College of Estate Management and Dechert to examine the areas in which project managers require legal knowledge. This report, based on an online survey of practising project managers, provides guidance on which areas of law are important, where more training is needed and where relevant information can be found. Key areas covered include: the role of the project manager; liability; limiting liability; extending liability; areas likely to give rise to a dispute; professional indemnity insurance; and health and safety. Each section includes guidance, relevant case law and statutes. The report concludes with summaries of key project management cases, a list of the main areas which project managers should be aware of, and potential for further training. |
| 690 ## - LOCAL SUBJECT ADDED ENTRY--TOPICAL TERM (OCLC, RLIN) | |
| Topical term or geographic name as entry element | Project management |
| 9 (RLIN) | 6261 |
| 710 ## - ADDED ENTRY--CORPORATE NAME | |
| Corporate name or jurisdiction name as entry element | College of Estate Management |
| 9 (RLIN) | 400 |
| 710 ## - ADDED ENTRY--CORPORATE NAME | |
| Corporate name or jurisdiction name as entry element | Dechert |
| 9 (RLIN) | 4018 |
| 856 ## - ELECTRONIC LOCATION AND ACCESS | |
| Uniform Resource Identifier | <a href="https://www.cem.ac.uk/news/press_2004_4.asp">https://www.cem.ac.uk/news/press_2004_4.asp</a> |
| Public note | View the report free of charge at www.cem.ac.uk... |
| 942 ## - ADDED ENTRY ELEMENTS (KOHA) | |
| Suppress in OPAC | 0 |
| Withdrawn status | Lost status | Source of classification or shelving scheme | Damaged status | Not for loan | Home library | Current library | Shelving location | Date acquired | Total Checkouts | Full call number | Barcode | Date last seen | Copy number | Price effective from | Koha item type |
|---|---|---|---|---|---|---|---|---|---|---|---|---|---|---|---|
| Dewey Decimal Classification | Virtual | Virtual | Online | 01/03/2005 | ONLINE PUBLICATION | 128916-2001 | 06/08/2019 | 1 | 06/08/2019 | Book |